| 000 | 00893nam a2200277Ia 4500 | ||
|---|---|---|---|
| 003 | OSt | ||
| 005 | 20221005040558.0 | ||
| 006 | a|||||r|||| 00| 0 | ||
| 007 | ta | ||
| 008 | 221004b |||||||| |||| 00| 0 eng d | ||
| 020 |
_a8121511232 _c350 |
||
| 024 | _a83020 | ||
| 037 |
_b106592, 30/03/2005, Munshiram manoharlal Publishers Pvt Ltd _cTextual |
||
| 040 |
_aCRL _cCRL _beng |
||
| 041 |
_2eng _aeng |
||
| 082 | _aP:(R)v2, P4 | ||
| 100 |
_aPalit Piyali _9589152 |
||
| 245 | 0 | _aBasic principled of Indian philosophy of language | |
| 260 |
_aDelhi _bMunshiram Manoharlal Publishers Pvt. Ltd. India _c2004 |
||
| 300 |
_a170p. _ccm. |
||
| 490 | _aJadavpur Studies in Philosophy | ||
| 650 | _a LINGUISTICS | ||
| 650 | _aPHILOSOPHY | ||
| 942 |
_hP:(R)v2, P4 _cTEXL _2cc |
||
| 999 |
_c947126 _d947126 |
||